000 00258nam a22001217a 4500
003 SGT
082 _a617.51
_bS90G
100 _aGLASSCOCK, MICHAEL E.
245 _aSURGERY OF THE EAR
260 _aASIA
_bHARCOURT
_c1990
300 _a640
942 _2ddc
_cBK
999 _c14974
_d14974